Plantas medicinales y sus aplicaciones / (Registro nro. 1036)

Detalles MARC
000 -CABECERA
Campo de control 01105nam a2200241 a 4500
005 - FECHA Y HORA DE LA ULTIMA TRANSACCION
Campo de control 20191224041551.0
008 - ELEMENTOS DE LONGITUD FIJA—INFORMACION GENERAL
Campo de control 140224b1998 ck ||||grdo 00| 0 spa d
040 ## - FUENTE DE CATALOGACIÓN
Agencia catalogadora original CO-BoIAVH
Agencia transcriptora CO-BoIAVH
041 0# - IDIOMA
Código de idioma para texto/pista de sonido o título separado Español
044 ## - PAÍS DE PUBLICACIÓN
País de publicación Colombia
082 04 - NUMERO DE CLASIFICACION DECIMAL DEWEY
Número de clasificación 581.634
Número del ítem S44p
110 1# - ASIENTO PRINCIPAL--NOMBRE CORPORATIVO
Nombre corporativo o de jurisdicción como elemento de entrada Medellín. Antioquia, Colombia.
Unidad subordinad Fundación Jardín Botánico "Joaquín Antonio Uribe"
-- Secretaría de Desarrollo Comunitario
9 (RLIN) 47479
245 1# - MENCION DE TITULO
Título Plantas medicinales y sus aplicaciones /
Mención de responsabilidad Alcaldía de Medellín, Secretaria de Desarrollo Comunitario, Unidad Municipal de Asistencia Técnica Agropecuaria
260 ## - PUBLICACION, DISTRIBUCION, ETC. (PIE DE IMPRENTA)
Lugar de publicación, distribución, etc. Medellín :
Nombre del editor, distribuidor, etc. Fundación Jardín Botánico "Joaquín Antonio Uribe" :
-- Secretaria de Desarollo Comunitario ,
Fecha de publicación, distribución, etc. 1998.
300 ## - DESCRIPCION FISICA
Extensión 110 páginas :
Otros detalles físicos Tablas, fotografías ;
Dimensiones 26 x 20 cm
650 06 - ASIENTO SECUNDARIO DE MATERIA - TERMINO TEMATICO
Término temático o nombre geográfico como elemento de entrada Etnobotánica
9 (RLIN) 47480
650 06 - ASIENTO SECUNDARIO DE MATERIA - TERMINO TEMATICO
Término temático o nombre geográfico como elemento de entrada Plantas medicinales
Subdivisión general Uso
Subdivisión geográfica Colombia.
9 (RLIN) 47481
650 06 - ASIENTO SECUNDARIO DE MATERIA - TERMINO TEMATICO
Término temático o nombre geográfico como elemento de entrada Uso de biodiversidad
9 (RLIN) 343
650 06 - ASIENTO SECUNDARIO DE MATERIA - TERMINO TEMATICO
Término temático o nombre geográfico como elemento de entrada Inventarios
Subdivisión general Plantas medicinales
Subdivisión geográfica Colombia.
9 (RLIN) 47483
650 06 - ASIENTO SECUNDARIO DE MATERIA - TERMINO TEMATICO
Término temático o nombre geográfico como elemento de entrada Conocimiento ecológico tradicional
Subdivisión geográfica Colombia.
9 (RLIN) 47484
662 ## - ASIENTO SECUNDARIO DE MATERIA - JERARQUIA DEL NOMBRE DE LUGAR(
País o entidad mayor Colombia
Jurisdicción política de primer orden Antioquia
942 ## - ELEMENTOS ADICIONALES (KOHA)
Tipo de ítem Libro
Sistema de clasificación Dewey Decimal Classification
Existencias
Withdrawn status Lost status Sistema de Clasificación Damaged status No para préstamo Colección Inventariado Ubicación Permanente Ubicación actual Fecha de adquisición Valor Total Checkouts Número topográfico Inventario / Código de Barras Date last seen Ejemplar Price effective from Forma de adquisición Tipo de material
    Dewey Decimal Classification     General Inventariado 2017 Bogotá Bogotá 20/01/1999 39000.00   LB-581.634 S44p 001417 04/12/2012 Ej. 1 04/12/2012   Libro